Kríza dovolenkovanie výrazne neovplyvnila

Slovenskú klientelu od cestovania do zahraničia kríza nedokázala odradiť. Zmenili sa priority pri výbere dovolenky. Slováci nenahradili výpadok zahraničnej klientely u nás.

Enregistré dans:
Détails bibliographiques
Auteur principal: Svoreňová, Soňa
Format: Chapitre de livre
Langue:slovaque
Sujets:
Tags: Ajouter un tag
Pas de tags, Soyez le premier à ajouter un tag!

MARC

LEADER 00000naa$a2200000$$$4500
001 0103365
005 20240502072125.9
041 0 |a slo 
044 |a SK 
245 1 0 |a Kríza dovolenkovanie výrazne neovplyvnila  |c Soňa Svoreňová 
520 |a Slovenskú klientelu od cestovania do zahraničia kríza nedokázala odradiť. Zmenili sa priority pri výbere dovolenky. Slováci nenahradili výpadok zahraničnej klientely u nás. 
610 2 0 |a kríza hospodárska 
610 2 0 |a dovolenka 
610 2 0 |a ruch cestovný aktívny 
610 2 0 |a ruch cestovný pasívny 
610 2 0 |a ruch cestovný zahraničný 
610 2 0 |a Slovensko 
100 1 |a Svoreňová, Soňa